El piano en la educación musical
Saved in:
| Main Author: | |
|---|---|
| Format: | Book |
| Language: | Spanish |
| Published: |
Santiago
Ril Editores
2016
|
| Edition: | 1a. ed |
| Subjects: | |
| Tags: |
Add Tag
No Tags, Be the first to tag this record!
|
MARC
| LEADER | 00000cam a2200000 a 4500 | ||
|---|---|---|---|
| 001 | UCD7445 | ||
| 003 | CL-VaPUC | ||
| 005 | 20230120101101.0 | ||
| 008 | 170326e20160000cl |||||||||||||||||spa|d | ||
| 999 | |c 367479 |d 367477 | ||
| 020 | |a 9789560102997 | ||
| 040 | |c Pontificia Universidad Católica de Valparaíso | ||
| 082 | 0 | 4 | |a 786.2193 |b BAL |2 21 |
| 100 | 0 | |a Balter, Adriana |e author |9 591458 | |
| 245 | 1 | 3 | |a El piano en la educación musical |
| 250 | |a 1a. ed | ||
| 260 | |a Santiago |b Ril Editores |c 2016 | ||
| 300 | |a 149 p | ||
| 583 | |a last modification |c 20170829 05:10:19 |k Rodrigo Vera | ||
| 650 | 0 | |a Música para piano |9 306528 | |
| 650 | 0 | |a Educación musical |9 310072 | |
| 650 | 0 | |a Métodos de enseñanza |9 270413 | |
| 942 | |c BK |2 ddc | ||
| 945 | |d 20170326 03:36:00 |a dcastane | ||
| 952 | |0 0 |1 0 |2 ddc |3 erb |4 0 |6 786_219300000000000_BAL_2016 |7 0 |9 482356 |a BIBEDU |b BIBEDU |c REF |i 5368634 |l 17 |o 786.2193 BAL 2016 |p 5368634 |r 2025-05-08 |s 2025-05-08 |w 2019-11-24 |y BK |z Catalogado en:20170326 |k MUS | ||